Central Library OPAC University of Rajshahi

কৃষ্ণকান্তের উইল : (Record no. 53501)

MARC details
000 -LEADER
fixed length control field 00949nam a2200217 a 4500
001 - CONTROL NUMBER
control field 53501
003 - CONTROL NUMBER IDENTIFIER
rucl marc code BD-RjUL
005 - DATE AND TIME OF LATEST TRANSACTION
control field 20211209075955.0
008 - FIXED-LENGTH DATA ELEMENTS--GENERAL INFORMATION
fixed length control field 161016s1941 ii ||||| |||| 00| 0 ben d
035 ## - SYSTEM CONTROL NUMBER
System control number (BD-RjUL)53622
040 ## - CATALOGING SOURCE
Original cataloging agency BD-RjUL
Language of cataloging ben
Transcribing agency BD-RjUL
Modifying agency BD-RjUL
041 ## - LANGUAGE CODE
Language code of text/sound track or separate title ben
082 ## - DEWEY DECIMAL CLASSIFICATION NUMBER
Classification number 891.44309
Author mark and year BAK 1941
Edition number 23
100 ## - MAIN ENTRY--PERSONAL NAME
Personal name বসু, শ্রীমণীন্দ্রমোহন
9 (RLIN) 117295
245 10 - TITLE STATEMENT
Title কৃষ্ণকান্তের উইল :
Remainder of title (চরিত্রালোচনা) /
Statement of responsibility, etc. শ্রীমণীন্দ্রমোহন বসু
260 ## - PUBLICATION, DISTRIBUTION, ETC. (IMPRINT)
Place of publication, distribution, etc. কলিকাতা :
Name of publisher, distributor, etc. কলিকাতা বিশ্ববিদ্যালয়,
Date of publication, distribution, etc. ১৯৪১
300 ## - PHYSICAL DESCRIPTION
Pagination [৮], ১২৭ পৃ. ;
Size ২১ সেমি.
650 ## - SUBJECT ADDED ENTRY--TOPICAL TERM
Topical term or geographic name as entry element বাংলা উপন্যাস
Form subdivision ইতিহাস ও সমালোচনা
9 (RLIN) 159932
Topical term or geographic name as entry element Bengali Fiction
Form subdivision History and Criticism
9 (RLIN) 126704
942 ## - ADDED ENTRY ELEMENTS (KOHA)
Source of classification or shelving scheme Dewey Decimal Classification
Koha item type Books
Holdings
Lost status Source of classification or shelving scheme Damaged status Not for loan Collection code Permanent Location Current Location Shelving location Date acquired Source of acquisition Cost, normal purchase price Total Checkouts Full call number Date last seen Copy number Koha item type
  Dewey Decimal Classification     Fiction Central Library, University of Rajshahi Central Library, University of Rajshahi   20/11/1962 komola book, kolikata 1.25   B 891.44309 BAK 1941 16/10/2016 C-2 Books